Matrimonio, Derecho y Factor Religioso

Bibliographic Details
Main Author: Polo Sabau, Jos ̌Ramn̤
Format: Book
Language:Spanish
Published: Madrid Dykinson 2016
Subjects:
Online Access:Acceso restringido

MARC

LEADER 00000nam a22000007a 4500
005 20160622144812.0
007 cr|||| ||u|
008 160622s2016 sp ||||| |||| 00||0 spa d
020 |a 978-84-9085-589-8 
035 |a 14330 
040 |a vLex 
090 |c 6211  |d 6211 
100 0 |a Polo Sabau, Jos ̌Ramn̤ 
245 1 0 |a Matrimonio, Derecho y Factor Religioso  |h [Recurso electronico] /   |c Jos ̌Ramn̤ Polo Sabau  
256 |a Servicio en linea 
260 |a Madrid  |b Dykinson  |c 2016 
300 |a 1 recurso electronico  
506 1 |a Contenido solo disponible en los productos indicados  |d vLex Global  |d vLex Global (Academic Edition, excluding Law Schools)  |d vLex Global (U.S. Academic Edition, Law Schools)  |d vLex Global (U.S. Academic Edition, excluding Law Schools)  |d vLex Global (Academic Edition, Law Schools) 
650 0 4 |a Matrimonio  |b Madrid 
740 0 |a vLex libros (servico en linea) 
856 4 0 |u http://vlex.com/source/matrimonio-derecho-factor-religioso-14330  |z Acceso restringido  
942 |c BOOK